1534 1378 1236 1005 1149 1656 1795 1212 1959 1124 1971 1686 1166 1849 1830 1779 1589 1866 1643 1095 1431 1440 1651 1265 1761 1511 1700 1519 1535 1966 1880 1729 1902 1293 1466 1336 1139 1122 1429 1400 1778 1920 1108 1343 1806 1007 1053 1153 1331 1500 1835 1695 1612 1765 1205 1230 1076 1460 1589 1829 1111 1079 1573 1120 1680 1703 1456 1488 1214 1108 1418 1402 1489 1680 1664 1473 1345 1941 1786 1824 1681 1979 1924 1204 1720 1558 1652 1633 1822 1219 1821 1261 1244 1084 1263 1495 1433 1080 1941 BCNSPRNW ULIB Ver.6.0+V

เปลี่ยนเป็นภาษาไทย

Change to English
 แสดงรายละเอียดบรรณานุกรม
  กลับหน้าหลัก

Brief Record : Get Marc (ISO 2709) : E-mail record : QR code < ปิดหน้าต่าง
LEADER : 00000nam 2200000uu 4500
001    13399114822
003     ULIB
008    120523s2010||||th 000 0 eng d
020    ^a0443069352 (paperback) ^c^79.95
020    ^a9780443069352 (paperback)
060    ^aWB200^bC579P
100 1  ^a(UK), Leon Chaitow ND DO.
245 10 ^aPalpation and assessment skills : ^bassessment through touch, 3e / ^cLeon Chaitow ND DO (UK)
250    ^a3rd ed.
260    ^a[S.l.] : ^bChurchill Livingstone, ^c2010.
300    ^a344 p. ; ^c28 cm.
490 1  ^aChaitow, palpation and assessment skills.
520    ^aPalpation and Assessment Skills has been designed and developed to help the student and practitioner to understand and acquire the palpatory skills that are the foundation of all effective manual therapy assessments and treatments. Subtlety and sensitivity of touch, and the accurate interpretation of palpation findings and tests, are essential aspects of all manual therapy professions. While it is difficult to learn these from written descriptions or static illustrations alone, by combining a workbook approach with the use of video demonstrations and audio explanations on a DVD, Palpation and Assessment Skills provides the student and developing practitioner with a portable workshop, that they can access at any time.
650  4 ^a Palpatory
650  4 ^a Palpating and assessing the skin
830  0 ^a Chaitow, palpation and assessment skills.
945    ^p0^l0^i031813
995    ^aKesorn
999 ^a ใช้งานได้ทุกระบบ
รายการนี้ยังไม่มีแท็ก
คุณยังไม่ได้ล็อกอิน คุณสามารถมีกิจกรรมร่วมกับเว็บไซต์ได้ แต่ต้องล็อกอินก่อน ::
  ล็อกอิน

รายการสื่อสารสนเทศ

ลำดับที่ ประเภท เลขเรียก/บาร์โค้ด สถานที่ สถานะ
- ไม่พบข้อมูล -

BibComment


ยังไม่เคยถูกคอมเมนท์

คอมเมนท์ทรัพยากรรายการนี้
  คอมเมนท์: Palpation and as..


 Copyright 2026. Bcnsprnw @Library